|
|
|
|
| LEADER |
00000caa a22000002c 4500 |
| 001 |
1525889230 |
| 003 |
DE-627 |
| 005 |
20220604104822.0 |
| 007 |
tu |
| 008 |
160223s1999 xx ||||| 00| ||ger c |
| 020 |
|
|
|a 3810023906
|
| 035 |
|
|
|a (DE-627)1525889230
|
| 035 |
|
|
|a (DE-576)455889236
|
| 035 |
|
|
|a (DE-599)BSZ455889236
|
| 040 |
|
|
|a DE-627
|b ger
|c DE-627
|e rakwb
|
| 041 |
|
|
|a ger
|
| 100 |
1 |
|
|a Opitz, Peter J.
|d 1937-2025
|0 (DE-588)118023985
|0 (DE-627)06015019X
|0 (DE-576)162442033
|4 aut
|
| 109 |
|
|
|a Opitz, Peter J. 1937-2025
|a Opitz, Peter-J. 1937-2025
|a Opitz, Peter-Joachim 1937-2025
|a Opitz, Peter Joachim 1937-2025
|a Opitz, P.J. 1937-2025
|a Opitz, Peter 1937-2025
|
| 245 |
1 |
4 |
|a Das Jahrhundert der Flüchtlinge
|c Peter J. Opitz
|
| 264 |
|
1 |
|c 1999
|
| 336 |
|
|
|a Text
|b txt
|2 rdacontent
|
| 337 |
|
|
|a ohne Hilfsmittel zu benutzen
|b n
|2 rdamedia
|
| 338 |
|
|
|a Band
|b nc
|2 rdacarrier
|
| 773 |
0 |
8 |
|i In
|t Menschen auf der Flucht
|d Opladen : Leske + Budrich, 1999
|g (1999), Seite 7-40
|h 299 S.
|w (DE-627)271677392
|w (DE-576)078970539
|z 3810023906
|7 nnam
|
| 773 |
1 |
8 |
|g year:1999
|g pages:7-40
|
| 935 |
|
|
|a mkri
|
| 951 |
|
|
|a AR
|
| ELC |
|
|
|b 1
|
| LOK |
|
|
|0 000 xxxxxcx a22 zn 4500
|
| LOK |
|
|
|0 001 2899357239
|
| LOK |
|
|
|0 003 DE-627
|
| LOK |
|
|
|0 004 1525889230
|
| LOK |
|
|
|0 005 20260211084425
|
| LOK |
|
|
|0 008 160208||||||||||||||||ger|||||||
|
| LOK |
|
|
|0 040
|a DE-21-110
|c DE-627
|d DE-21-110
|
| LOK |
|
|
|0 689
|a s
|a Flüchtlinge
|
| LOK |
|
|
|0 852
|a DE-21-110
|
| LOK |
|
|
|0 852 1
|m p
|9 00
|
| LOK |
|
|
|0 935
|a k110
|
| LOK |
|
|
|0 938
|k p
|
| LOK |
|
|
|0 939
|a 08-02-16
|b l01
|
| ORI |
|
|
|a WA-MARC-krimdoka001.raw
|